Termofluidos: transferencia de calor

Sábháilte in:
Sonraí bibleagrafaíochta
Príomhchruthaitheoir: Corral Bustamante, Leticia (Údar)
Formáid: LEABHAR
Teanga:Spáinnis
Foilsithe / Cruthaithe: Sarrebruck Académica Española 2013
Sarrebruck Verlag 2013
Eagrán:1a. ed
Ábhair:
Clibeanna: Cuir clib leis
Níl clibeanna ann, Bí ar an gcéad duine le clib a chur leis an taifead seo!

MARC

LEADER 00000cam a2200000 a 4500
001 UCE9364
003 CL-VaPUC
005 20240829145346.0
008 151016e20130000gw |||||||||||||||||spa|d
999 |c 361033  |d 361031 
020 |a 9783847355113 
040 |c Pontificia Universidad Católica de Valparaíso 
082 0 4 |a 621.4022  |b COR  |2 21 
100 0 |a Corral Bustamante, Leticia  |e author  |9 582195 
245 1 0 |a Termofluidos: transferencia de calor 
250 |a 1a. ed 
260 |a Sarrebruck  |b Académica Española  |c 2013 
260 |a Sarrebruck  |b Verlag  |c 2013 
300 |a v 
500 |a v.1 t.2: Solución con procedimientos completos a problemas de conducción, convección, circuitos térmicos e intercambiadores_calor 
583 |a last modification  |c 20151016 11:50:00  |k Rodrigo Vera 
650 0 |a Termodinámica   |9 259320 
650 0 |a Calor  |9 260253  |x Transmisión 
650 0 |a Intercambiadores de calor  |9 475439 
650 0 |a Mecánica de fluidos   |9 259464 
942 |c BK  |2 ddc 
945 |d 20151016 11:50:00  |a arojas 
952 |0 0  |1 0  |3 erb  |4 0  |6 621_402200000000000_COR_2013_2013  |7 0  |8 A  |9 471341  |a BIBALI  |b BIBALI  |c GEN  |h v.1 t.2  |i 5242320  |l 1  |o 621.4022 COR 2013 2013  |p 5242320  |r 2025-01-20  |s 2024-04-19  |w 2019-11-24  |y BK  |z Catalogado en:20151016  |k ALI